| 000 | 00827 a2200169 4500 | ||
|---|---|---|---|
| 003 | NUST | ||
| 005 | 20230130144033.0 | ||
| 040 | _cNust | ||
| 082 | _a920,WAL | ||
| 100 |
_aWalker, Fred _9108109 |
||
| 245 |
_aDestination Unknown : _bTHe Autobiographyy of a Wandering Boy / _cWalker, Fred |
||
| 260 |
_aLondon _bGeorge Harrap & Co _c1935 |
||
| 300 | _a283:p. | ||
| 505 | _aAdventure (Page-7), The Wild West (Page-23), Cowboys (Page-40), Arrested (Page-53), Frozen to Death (Page-69), The Earth Shakes (Page-83), In The Arctic (Page-96), I Kill A Man (Page-116), Pancho Villa (Page-127), The Argentine (Page-140), Nitrate (Page-175), Insulting the Bigwigs (Page-189), A Crazy Gangster (Page-222), Indians (Page-237), Headhunters (Page-268), Home Again (Page-279), | ||
| 650 |
_aAutobiography _9107439 |
||
| 942 |
_2ddc _cBK _k920,WAL |
||
| 999 |
_c187183 _d187183 |
||